Communist revolutionary warfare : (Record no. 65319)
[ view plain ]
| 000 -LEADER | |
|---|---|
| fixed length control field | 00941nam a2200265 a 4500 |
| 001 - CONTROL NUMBER | |
| control field | 65319 |
| 003 - CONTROL NUMBER IDENTIFIER | |
| rucl marc code | BD-RjUL |
| 005 - DATE AND TIME OF LATEST TRANSACTION | |
| control field | 20211209081417.0 |
| 008 - FIXED-LENGTH DATA ELEMENTS--GENERAL INFORMATION | |
| fixed length control field | 170104s1961 nyua 000 0 eng d |
| 035 ## - SYSTEM CONTROL NUMBER | |
| System control number | (BD-RjUL)65449 |
| 040 ## - CATALOGING SOURCE | |
| Original cataloging agency | DLC |
| Transcribing agency | WSU |
| Modifying agency | SER |
| -- | EQO |
| -- | BD-RjUL |
| Language of cataloging | eng |
| 041 ## - LANGUAGE CODE | |
| Language code of text/sound track or separate title | eng |
| 082 ## - DEWEY DECIMAL CLASSIFICATION NUMBER | |
| Classification number | 959.7 |
| Edition number | 23 |
| Author mark and year | TAC 1961 |
| 100 1# - MAIN ENTRY--PERSONAL NAME | |
| Personal name | Tanham, George K. |
| Fuller form of name | (George Kilpatrick) |
| 9 (RLIN) | 193329 |
| 245 10 - TITLE STATEMENT | |
| Title | Communist revolutionary warfare : |
| Remainder of title | the Vietminh in Indochina / |
| Statement of responsibility, etc. | George K. Tanham |
| 260 ## - PUBLICATION, DISTRIBUTION, ETC. (IMPRINT) | |
| Place of publication, distribution, etc. | New York : |
| Name of publisher, distributor, etc. | Praeger, |
| Date of publication, distribution, etc. | c1961 |
| 300 ## - PHYSICAL DESCRIPTION | |
| Pagination | 166 p. : |
| Illustrations | ill. ; |
| Size | 22 cm. |
| 490 1# - SERIES STATEMENT | |
| Series statement | Praeger publications in Russian history and world communism ; |
| Volume/sequential designation | no 96 |
| 504 ## - BIBLIOGRAPHY, ETC. NOTE | |
| Bibliography, etc | Includes bibliographical references. |
| 650 #0 - SUBJECT ADDED ENTRY--TOPICAL TERM | |
| Topical term or geographic name as entry element | Guerrilla warfare. |
| 9 (RLIN) | 177533 |
| Topical term or geographic name as entry element | Communism |
| Geographic subdivision | Vietnam. |
| 9 (RLIN) | 193300 |
| 651 #0 - SUBJECT ADDED ENTRY--GEOGRAPHIC NAME | |
| Geographic name | Vietnam |
| General subdivision | History. |
| 9 (RLIN) | 192671 |
| 830 #0 - SERIES ADDED ENTRY--UNIFORM TITLE | |
| Uniform title | Praeger publications in Russian history and world communism ; |
| Volume number/sequential designation | no 96 |
| 942 ## - ADDED ENTRY ELEMENTS (KOHA) | |
| Source of classification or shelving scheme | Dewey Decimal Classification |
| Koha item type | Books |
| Lost status | Source of classification or shelving scheme | Damaged status | Not for loan | Collection code | Permanent Location | Current Location | Shelving location | Date acquired | Source of acquisition | Cost, normal purchase price | Total Checkouts | Full call number | Date last seen | Copy number | Koha item type |
|---|---|---|---|---|---|---|---|---|---|---|---|---|---|---|---|
| Dewey Decimal Classification | Not For Loan | Non-fiction | Central Library, University of Rajshahi | Central Library, University of Rajshahi | Reading Room | 09/11/1963 | Zeithinger | 25.00 | 959.7 TAC 1961 | 04/03/2017 | C-1 | Books |